00704nam a2200229 a 4500001001300000003000900013005001700022008004100039020002300080082001800103100001900121245005700140260003900197300000900236500003500245650002400280700001900304902000800323942000700331952011900338999001700457nice12345678IN_TiNIC20260116014116.0090121s1997 dela grp 000 0 eng  a812080X c25000a610.0954bFRA aFrawley, David aAyurveda and the Mindb The Healing Og Consciousness aDelhi bMotilal Banarsidass c1997 a346p aincludes index and biblioraphy aAyurveda-Philosophy1 aFrawley, David bSRS cBK 001040708StackRoom-aHMIbHMId2009-01-30g250.00l0o610.0954 FRAp022632r2009-01-30v250.00w2009-01-21yBK c13913d13913